| 000 | 01039nam a22003737a 4500 | ||
|---|---|---|---|
| 001 | BR8803542 | ||
| 003 | BR-BrBNA | ||
| 005 | 20230928092934.0 | ||
| 007 | ta | ||
| 008 | 230509b bl.||||| |||| 00| 0 por d | ||
| 040 |
_aBR-BrBNA _bpor _cBiblioteca Nacional de Agricultura |
||
| 041 | _a(Por) | ||
| 072 |
_aE16; E70; E21 _b3735 _b/G514 |
||
| 090 | _ 3735 BR8803542 | ||
| 100 | 1 | _aAraujo, A.M.M. | |
| 100 | 1 | _aBarbosa Filho, A. | |
| 100 | 1 | _aMenezes, A.H. de | |
| 100 | 1 | _aPessoa, L. de F.P. | |
| 110 | 1 |
_aFundacao Instituto de Planejamento do Ceara, Fortaleza (Brasil) _94961 |
|
| 245 | 1 | _aAlternativas para o desenvolvimento da industria salineira cearense | |
| 260 | 3 |
_aFortaleza, CE (Brasil): _c1978. |
|
| 300 | _a62 p. | ||
| 500 | _a17 tables; 10 ref. | ||
| 650 | _aSAL | ||
| 650 | _aSALINA | ||
| 650 | _aSISTEMA DE PRODUCAO | ||
| 650 | _aMERCADO | ||
| 650 | _aVENDA | ||
| 650 | _aCOMPRA | ||
| 650 | _aDESENVOLVIMENTO INDUSTRIAL | ||
| 650 | _aCEARA | ||
| 909 |
_a202309 _bLucia _c55 _dLucia Elande |
||
| 942 | _cBK | ||
| 999 |
_c42094 _d42094 |
||